000 01146cam a2200325 i 4500
001 64505
003 Mx-PuUPA
005 20240410104106.0
008 160411s2002 sp grb 000 0 spa d
017 _aD.L. B-15668-2003
020 _a8424499270430
040 _aMx-PuUPA
_cMx-PuUPA
_bspa
_erda
_dMx-PuUPA
041 1 _aspa
_heng
100 1 _912679
_aJenkins, Roy,
_eautor
240 1 0 _aChurchill.
_lEspañol
245 1 0 _aWinston Churchill.
_nVolumen I.
_cRoy Jenkis ; prólogo de Manuel Fraga Iribarne ; traducción, Carme Camps Monfa
264 1 _a[España] :
_bEdiciones Folio,
_c©2002
336 _atexto
_btxt
_2rdacontent
337 _2rdamedia
_asin medio
_bn
338 _2rdacarrier
_avolumen
_bnc
600 1 4 _aChurchill, Winston,
_d1874-1965
_96405
650 7 _2armarc
_aMinistros
_zGran Bretaña
_vBiografía
651 4 _aGran Bretaña
_xPolítica y gobierno
_ySiglo XX
700 1 _aFraga Iribarne, Manuel,
_eprologuista
700 1 _aMonfa, Carme Camps,
_etraductor
765 0 8 _aJenkins, Roy,
_tChurchill.
942 _cLI
_2ddc
_h941.084092
_iC555
999 _c64505
_d64505